[Event "St Petersburg Botvinnik 100 op"]
[Site "St Petersburg"]
[Date "2011.08.17"]
[Round "6"]
[White "Abramichev, Artyom"]
[Black "Bivol, Alina"]
[Result "0-1"]
[WhiteElo "2029"]
[BlackElo "2171"]
[PlyCount "88"]
[EventDate "2011.08.12"]
[EventType "swiss"]
[EventRounds "9"]
[EventCountry "RUS"]
[SourceTitle "CBM 143 Extra"]
[Source "ChessBase"]
[SourceDate "2011.08.29"]
[SourceVersion "1"]
[SourceVersionDate "2011.08.29"]
[SourceQuality "1"]

1. d4 e6 2. Nf3 c5 3. c3 Nf6 4. Bf4 Nc6 5. Nbd2 cxd4 6. cxd4 Nd5 7. Bg3 Qb6 8. e4 Nf6 9. d5 exd5 10. exd5 Nxd5 11. Bc4 Nf6 12. 0-0 d5 13. Bb3 Be7 14. Qe2 0-0 15. Rfd1 Bg4 16. h3 Bh5 17. Nf1 Rad8 18. Ne3 Bc5 19. Nxd5 Nxd5 20. Rxd5 Nd4 21. Qc4 Rxd5 22. Qxd5 Bxf3 23. gxf3 Nxb3 24. Qxb3 Qxb3 25. axb3 Rd8 26. Rc1 Bb6 27. Bf4 h6 28. Rc3 g5 29. Bc7 Rd1+ 30. Kg2 Bd4 31. Rc2 Rd3 32. b4 Rb3 33. Bd6 Rxb2 34. Rxb2 Bxb2 35. f4 Ba3 36. fxg5 hxg5 37. Be7 a5 38. Bxg5 Bxb4 39. Bf6 a4 40. Kf3 a3 41. Ke2 Bf8 42. Kd3 Bg7 43. Bxg7 Kxg7 44. Kc3 b5 0-1

[Event "Sochi op"]
[Site "Sochi"]
[Date "2011.06.19"]
[Round "3"]
[White "Abramichev, Artyom"]
[Black "Bondarev, Boris"]
[Result "1/2-1/2"]
[WhiteElo "2012"]
[BlackElo "2116"]
[PlyCount "111"]
[EventDate "2011.06.17"]
[EventType "swiss"]
[EventRounds "9"]
[EventCountry "RUS"]
[SourceTitle "EXT 2012"]
[Source "ChessBase"]
[SourceDate "2011.11.24"]
[SourceVersion "1"]
[SourceVersionDate "2011.11.24"]
[SourceQuality "1"]

1. d4 d6 2. e4 f5 3. exf5 Bxf5 4. Bd3 Qd7 5. Nf3 Nc6 6. Bxf5 Qxf5 7. 0-0 Nf6 8. Re1 e5 9. dxe5 Nxe5 10. Nd4 Qd7 11. f4 0-0-0 12. Nc3 Nc6 13. f5 Nxd4 14. Qxd4 c5 15. Qf2 d5 16. Bg5 Be7 17. Bxf6 gxf6 18. Re6 Rhg8 19. Nxd5 Qxd5 20. Rxe7 Rg5 21. Rf1 h5 22. b4 Rdg8 23. g3 h4 24. Qxc5+ Qxc5+ 25. bxc5 hxg3 26. h3 Rd8 27. Re2 Rd5 28. Kg2 Rxc5 29. Rf3 Kc7 30. Rxg3 Rgxf5 31. Rg7+ Kb6 32. h4 Ka6 33. Kg3 Rf1 34. Rf7 f5 35. h5 f4+ 36. Kg2 f3+ 37. Rxf3 Rxf3 38. Kxf3 Rxh5 39. Ke4 Kb5 40. Kd4 Rh3 41. c4+ Ka6 42. Kc5 Ka5 43. Rb2 b6+ 44. Kc6 Rc3 45. Kb7 Rxc4 46. Kxa7 Rc7+ 47. Kb8 Rh7 48. a4 Ka6 49. Rb4 Rg7 50. Rh4 Rg8+ 51. Kc7 Ka7 52. Kc6 Rg5 53. Rb4 Rc5+ 54. Kd6 Ka6 55. Rg4 Ka5 56. Rh4 1/2-1/2

[Event "Eisk Azovskie Zori op"]
[Site "Eisk"]
[Date "2011.06.15"]
[Round "9"]
[White "Abramichev, Artyom"]
[Black "Golod, Ilja"]
[Result "1/2-1/2"]
[WhiteElo "2012"]
[BlackElo "2332"]
[PlyCount "69"]
[EventDate "2011.06.05"]
[EventType "swiss"]
[EventRounds "9"]
[EventCountry "RUS"]
[SourceTitle "EXT 2012"]
[Source "ChessBase"]
[SourceDate "2011.11.24"]
[SourceVersion "1"]
[SourceVersionDate "2011.11.24"]
[SourceQuality "1"]

1. e4 e5 2. Nf3 Nc6 3. Bb5 a6 4. Ba4 Nf6 5. 0-0 Nxe4 6. d4 b5 7. Bb3 d5 8. dxe5 Be6 9. c3 Bc5 10. Nbd2 0-0 11. Bc2 Nxf2 12. Rxf2 f6 13. exf6 Bxf2+ 14. Kxf2 Qxf6 15. Kg1 Rae8 16. Nf1 Ne5 17. Be3 Nxf3+ 18. Qxf3 Qxf3 19. gxf3 Rxf3 20. Bc5 Bh3 21. Ng3 h5 22. Bg6 Re5 23. Bxh5 Rxg3+ 24. hxg3 Rxh5 25. a4 Rf5 26. axb5 axb5 27. Ra8+ Kh7 28. Rf8 Re5 29. Rf7 Re2 30. Rxc7 Rg2+ 31. Kh1 Rxb2 32. Bd4 Kg6 33. Rxg7+ Kf5 34. Rf7+ Kg4 35. Rf2 1/2-1/2

[Event "Eisk Azovskie Zori op"]
[Site "Eisk"]
[Date "2011.06.07"]
[Round "3"]
[White "Nevolin, Viktor"]
[Black "Abramichev, Artyom"]
[Result "1-0"]
[WhiteElo "1774"]
[BlackElo "2012"]
[PlyCount "67"]
[EventDate "2011.06.05"]
[EventType "swiss"]
[EventRounds "9"]
[EventCountry "RUS"]
[SourceTitle "EXT 2012"]
[Source "ChessBase"]
[SourceDate "2011.11.24"]
[SourceVersion "1"]
[SourceVersionDate "2011.11.24"]
[SourceQuality "1"]

1. e4 c5 2. Nf3 d6 3. d4 cxd4 4. Nxd4 Nf6 5. Nc3 a6 6. Bg5 e6 7. f4 Nbd7 8. Qf3 Qc7 9. 0-0-0 b5 10. a3 Bb7 11. Bd3 Qb6 12. Bxf6 gxf6 13. Nb3 b4 14. axb4 Qxb4 15. Na2 Qb6 16. Rhe1 a5 17. Qe3 Qd8 18. Nd4 Ba6 19. Nc3 Nc5 20. Bxa6 Rxa6 21. f5 e5 22. Ndb5 h5 23. Qe2 Bh6+ 24. Kb1 Bg5 25. Nd5 Rc6 26. h4 Bxh4 27. Rh1 Bg5 28. Rxh5 Rxh5 29. Qxh5 Nxe4 30. Qh8+ Kd7 31. Qg7 Qe8 32. c4 Kd8 33. Rh1 Nd2+ 34. Ka2 1-0

[Event "Chigorin Memorial 18th"]
[Site "St Petersburg"]
[Date "2010.11.04"]
[Round "8"]
[White "Hamitevici, Vladimir"]
[Black "Abramichev, Artyom"]
[Result "1-0"]
[WhiteElo "2415"]
[BlackElo "2072"]
[PlyCount "87"]
[EventDate "2010.10.28"]
[EventType "swiss"]
[EventRounds "9"]
[EventCountry "RUS"]
[SourceTitle "EXT 2011"]
[Source "ChessBase"]
[SourceDate "2010.11.26"]
[SourceVersion "1"]
[SourceVersionDate "2010.11.26"]
[SourceQuality "1"]

1. d4 Nf6 2. c4 g6 3. g3 d5 4. cxd5 Nxd5 5. Bg2 Bg7 6. e4 Nb6 7. Ne2 0-0 8. 0-0 c5 9. d5 Na6 10. Nec3 Bd7 11. a4 Nc4 12. Qe2 Na5 13. Bg5 Nb3 14. Ra3 Nd4 15. Qd1 h6 16. Bf4 Qb6 17. Qd2 Nb3 18. Qd1 Nd4 19. b3 e5 20. dxe6 Qxe6 21. Nd5 Bc6 22. Nbc3 Rad8 23. Ra2 Kh7 24. Rd2 Rfe8 25. h4 f6 26. Be3 f5 27. h5 fxe4 28. Nf4 Qxb3 29. hxg6+ Kg8 30. Qxb3+ Nxb3 31. Rxd8 Rxd8 32. Nxe4 Nd4 33. Nh5 Bxa4 34. f4 Bb5 35. Rb1 Be2 36. Nxg7 Kxg7 37. Rxb7+ Kxg6 38. Rxa7 Bb5 39. g4 Rd7 40. Rxa6+ Bxa6 41. Nxc5 Ne2+ 42. Kf2 Rd6 43. f5+ Kg7 44. Nxa6 1-0

[Event "Chigorin Memorial 18th"]
[Site "St Petersburg"]
[Date "2010.11.02"]
[Round "6"]
[White "Abramichev, Artyom"]
[Black "Nazaryev, Sergey"]
[Result "1/2-1/2"]
[WhiteElo "2072"]
[BlackElo "2276"]
[PlyCount "63"]
[EventDate "2010.10.28"]
[EventType "swiss"]
[EventRounds "9"]
[EventCountry "RUS"]
[SourceTitle "EXT 2011"]
[Source "ChessBase"]
[SourceDate "2010.11.26"]
[SourceVersion "1"]
[SourceVersionDate "2010.11.26"]
[SourceQuality "1"]

1. e4 e5 2. Nf3 Nc6 3. Bb5 a6 4. Ba4 Nf6 5. 0-0 Be7 6. Re1 b5 7. Bb3 0-0 8. c3 Bb7 9. h3 d5 10. exd5 Nxd5 11. d3 Bf6 12. Bc2 b4 13. Nbd2 bxc3 14. Ne4 cxb2 15. Bxb2 Re8 16. Nc5 Rb8 17. Ba4 Ba8 18. Bxc6 Bxc6 19. Nxe5 Bxe5 20. Bxe5 Qg5 21. h4 Qxh4 22. Nxa6 Rbc8 23. Bg3 Qd4 24. Qc2 Ba8 25. Qc4 Qa7 26. Rxe8+ Rxe8 27. Nxc7 Rc8 28. Re1 h5 29. Re8+ Rxe8 30. Nxe8 Qd7 31. Nd6 Bc6 32. Qd4 1/2-1/2

[Event "Chigorin Memorial 17th"]
[Site "St Petersburg"]
[Date "2009.10.19"]
[Round "4"]
[White "Jarvinen, Seppo"]
[Black "Abramichev, Artyom"]
[Result "0-1"]
[WhiteElo "1907"]
[BlackElo "2019"]
[PlyCount "60"]
[EventDate "2009.10.16"]
[EventType "swiss"]
[EventRounds "9"]
[EventCountry "RUS"]
[SourceTitle "CBM 132 Extra"]
[Source "ChessBase"]
[SourceDate "2009.11.03"]
[SourceVersion "1"]
[SourceVersionDate "2009.11.03"]
[SourceQuality "1"]

1. e4 c5 2. Nf3 d6 3. Bc4 Nf6 4. Nc3 g6 5. e5 dxe5 6. Nxe5 e6 7. d3 Bg7 8. Be3 Qe7 9. Qf3 Nfd7 10. Nxd7 Nxd7 11. 0-0 0-0 12. Qg3 h6 13. Rae1 Kh7 14. Bf4 e5 15. Bd2 Qd6 16. Ne4 Qc6 17. Qh4 f6 18. f4 b5 19. Bxb5 Qxb5 20. f5 g5 21. Bxg5 fxg5 22. Nxg5+ Kh8 23. Ne6 Rf6 24. Re3 Bb7 25. Rg3 Rg8 26. Rg6 Rxg6 27. fxg6 Qc6 28. Qh3 Qxg2+ 29. Qxg2 Bxg2 30. Kxg2 Bf6 0-1

[Event "Chigorin Memorial 17th"]
[Site "St Petersburg"]
[Date "2009.10.18"]
[Round "3"]
[White "Esipovich, Stanislav"]
[Black "Abramichev, Artyom"]
[Result "1-0"]
[WhiteElo "1777"]
[BlackElo "2019"]
[PlyCount "67"]
[EventDate "2009.10.16"]
[EventType "swiss"]
[EventRounds "9"]
[EventCountry "RUS"]
[SourceTitle "CBM 132 Extra"]
[Source "ChessBase"]
[SourceDate "2009.11.03"]
[SourceVersion "1"]
[SourceVersionDate "2009.11.03"]
[SourceQuality "1"]

1. d4 Nf6 2. c4 c5 3. Nf3 cxd4 4. Nxd4 d6 5. Nc3 e5 6. Nf3 Be6 7. e4 h6 8. Qc2 Nc6 9. Nd5 Rc8 10. Bd2 b5 11. Bc3 bxc4 12. Bxc4 Be7 13. 0-0 Bxd5 14. exd5 Nb8 15. Qa4+ Nbd7 16. Ba6 Rc5 17. Bb4 0-0 18. Bxc5 Nxc5 19. Qc6 e4 20. Nd4 Nfd7 21. Be2 a6 22. Nf5 Ne5 23. Nxe7+ Kh8 24. Qc8 Qxe7 25. Qf5 g6 26. Qh3 Kh7 27. b4 Ncd3 28. Bxd3 Nxd3 29. a3 f5 30. Rad1 Qe5 31. Qe3 Qxd5 32. f3 Re8 33. Rfe1 exf3 34. Qa7+ 1-0

[Event "St Petersburg Chigorin CC-ch"]
[Site "St Petersburg"]
[Date "2008.05.15"]
[Round "3"]
[White "Krylov, Andrei"]
[Black "Abramichev, Artyom"]
[Result "1/2-1/2"]
[WhiteElo "2099"]
[BlackElo "1985"]
[PlyCount "74"]
[EventDate "2008.05.13"]
[EventType "swiss"]
[EventRounds "9"]
[EventCountry "RUS"]
[SourceTitle "CBM 124 Extra"]
[Source "ChessBase"]
[SourceDate "2008.07.03"]
[SourceVersion "1"]
[SourceVersionDate "2008.07.03"]
[SourceQuality "1"]

1. d4 Nf6 2. c4 c5 3. d5 b5 4. cxb5 a6 5. b6 Bb7 6. Nc3 e6 7. e4 exd5 8. exd5 d6 9. a4 Qxb6 10. a5 Qc7 11. Be2 Nbd7 12. f4 g6 13. Bf3 Bg7 14. Qe2+ Kf8 15. Qc4 Re8+ 16. Nge2 g5 17. g3 g4 18. Bg2 h5 19. 0-0 Qd8 20. f5 Ne5 21. Qb3 Ba8 22. Bg5 Qb8 23. Qc2 c4 24. Nf4 Qb3 25. Qd2 Kg8 26. Bxf6 Bxf6 27. Ne4 Be7 28. f6 Bf8 29. Ra3 Qb5 30. Ng5 Rh6 31. Nge6 fxe6 32. dxe6 Qc5+ 33. Re3 Kh8 34. e7 Bxe7 35. fxe7 Rxe7 36. Bxa8 Nf3+ 37. Rfxf3 gxf3 1/2-1/2

[Event "St Petersburg March op"]
[Site "St Petersburg"]
[Date "2008.03.30"]
[Round "9"]
[White "Eltsov, Valery"]
[Black "Abramichev, Artyom"]
[Result "1-0"]
[WhiteElo "2098"]
[BlackElo "1985"]
[PlyCount "161"]
[EventDate "2008.03.22"]
[EventType "swiss"]
[EventRounds "9"]
[EventCountry "RUS"]
[SourceTitle "EXT 2010"]
[Source "ChessBase"]
[SourceDate "2010.11.25"]
[SourceVersion "1"]
[SourceVersionDate "2010.11.25"]
[SourceQuality "1"]

1. d4 Nf6 2. c3 e6 3. Bg5 d5 4. e3 c5 5. Bd3 Nc6 6. f4 Be7 7. Nd2 Qb6 8. Rb1 Bd7 9. Ngf3 Rc8 10. 0-0 cxd4 11. exd4 Ng4 12. Bxe7 Nxe7 13. Qe2 Nf6 14. Ne5 0-0 15. Ndf3 a6 16. Rbe1 Bb5 17. Bxb5 Qxb5 18. Qxb5 axb5 19. a3 Ne4 20. Re2 Nf5 21. Nd2 Nfd6 22. Nxe4 Nxe4 23. f5 Rc7 24. fxe6 fxe6 25. Rxf8+ Kxf8 26. Re3 g6 27. Kf1 Kg7 28. Ke2 Re7 29. Rf3 Nd6 30. Kd3 Rc7 31. Rf4 Re7 32. Kc2 g5 33. Rf3 Ne4 34. Kd3 Rc7 35. Ke3 Nd6 36. Rf2 Ne4 37. Rf1 Re7 38. Rf3 Rc7 39. Nd3 h6 40. Rf1 Rc6 41. Ke2 Rc7 42. Ra1 b6 43. Ne5 Kf6 44. Ng4+ Kg7 45. Rf1 Re7 46. Rf3 h5 47. Nf2 g4 48. Re3 Nd6 49. Nd3 Ne4 50. h3 Rf7 51. hxg4 hxg4 52. Ke1 g3 53. Ke2 Rf6 54. Rf3 Rh6 55. Nf4 Kg8 56. Rf1 Rf6 57. Ke3 Rf5 58. Rh1 Nf2 59. Ra1 Kf7 60. Rf1 Ng4+ 61. Ke2 Nh2 62. Rf3 Nxf3 63. Kxf3 Rg5 64. Nd3 Kf6 65. Ne5 Rxe5 66. dxe5+ Kxe5 67. Kxg3 Kf5 68. Kf3 e5 69. Ke3 Kg4 70. Kf2 Kf4 71. b3 e4 72. a4 bxa4 73. bxa4 Kg4 74. Ke3 Kg3 75. c4 dxc4 76. Kxe4 c3 77. Kd3 c2 78. Kxc2 Kxg2 79. Kd3 Kf3 80. Kc4 Ke4 81. Kb5 1-0

[Event "St Petersburg March op"]
[Site "St Petersburg"]
[Date "2008.03.29"]
[Round "8"]
[White "Abramichev, Artyom"]
[Black "Nugaev, Nail"]
[Result "1/2-1/2"]
[WhiteElo "1985"]
[BlackElo "1985"]
[PlyCount "62"]
[EventDate "2008.03.22"]
[EventType "swiss"]
[EventRounds "9"]
[EventCountry "RUS"]
[SourceTitle "EXT 2010"]
[Source "ChessBase"]
[SourceDate "2010.11.25"]
[SourceVersion "1"]
[SourceVersionDate "2010.11.25"]
[SourceQuality "1"]

1. e4 c5 2. Nf3 e6 3. d4 cxd4 4. Nxd4 a6 5. Nc3 d6 6. Be3 Nf6 7. f3 Qc7 8. Qd2 Be7 9. g4 b5 10. h4 Bb7 11. 0-0-0 Nc6 12. g5 Nh5 13. Rg1 g6 14. f4 Nxd4 15. Qxd4 e5 16. Qd2 exf4 17. Bxf4 Nxf4 18. Qxf4 0-0 19. Bh3 Qc4 20. Kb1 Rfe8 21. Rgf1 Rf8 22. Nd5 Bxd5 23. exd5 Qxf4 24. Rxf4 f5 25. gxf6 Bxf6 26. Be6+ Kg7 27. Rdf1 Bxh4 28. Rf7+ Rxf7 29. Rxf7+ Kh6 30. c3 Bg3 31. Kc2 Be5 1/2-1/2

[Event "Chigorin Memorial-B 15th"]
[Site "St Petersburg"]
[Date "2007.12.08"]
[Round "8"]
[White "Abramichev, Artyom"]
[Black "Melnikov, Dmitry"]
[Result "0-1"]
[WhiteElo "2014"]
[BlackElo "2293"]
[PlyCount "76"]
[EventDate "2007.11.30"]
[EventType "swiss"]
[EventRounds "9"]
[EventCountry "RUS"]
[SourceTitle "CBM 121 Extra"]
[Source "ChessBase"]
[SourceDate "2008.01.10"]
[SourceVersion "1"]
[SourceVersionDate "2008.01.10"]
[SourceQuality "1"]

1. e4 e5 2. Nf3 Nc6 3. Bb5 Bc5 4. c3 Qf6 5. 0-0 Nge7 6. d3 h6 7. Be3 Bb6 8. Nbd2 0-0 9. Nc4 d6 10. Bxb6 axb6 11. Ne3 Qf4 12. g3 Qf6 13. Kg2 g5 14. Ng1 Qg6 15. g4 Nd8 16. h3 Ne6 17. Ne2 Qf6 18. Nf5 Kh7 19. Bc4 Ng6 20. Neg3 Nef4+ 21. Kh2 Be6 22. Ne3 Nh4 23. f3 c6 24. Bxe6 fxe6 25. Nc4 Rad8 26. Nxb6 d5 27. exd5 exd5 28. Na4 Nfg6 29. Kh1 Qd6 30. b4 e4 31. Nf5 Nxf5 32. gxf5 Rxf5 33. fxe4 Rxf1+ 34. Qxf1 Rf8 35. Qg2 dxe4 36. dxe4 Nh4 37. Qg4 Rf2 38. Qg1 Qf4 0-1

[Event "Chigorin Memorial-B 15th"]
[Site "St Petersburg"]
[Date "2007.12.07"]
[Round "7"]
[White "Zakharov, Yuri Vasilievich"]
[Black "Abramichev, Artyom"]
[Result "1/2-1/2"]
[WhiteElo "2091"]
[BlackElo "2014"]
[PlyCount "92"]
[EventDate "2007.11.30"]
[EventType "swiss"]
[EventRounds "9"]
[EventCountry "RUS"]
[SourceTitle "CBM 121 Extra"]
[Source "ChessBase"]
[SourceDate "2008.01.10"]
[SourceVersion "1"]
[SourceVersionDate "2008.01.10"]
[SourceQuality "1"]

1. Nf3 d5 2. g3 Nf6 3. Bg2 c6 4. 0-0 Bf5 5. b3 h6 6. Bb2 e6 7. d3 Bd6 8. Nbd2 Bc7 9. e4 dxe4 10. dxe4 Bh7 11. e5 Nd5 12. a3 Nd7 13. c4 Ne7 14. Re1 Nc5 15. Bc3 Nd3 16. Re2 Bb6 17. Ne1 Bxf2+ 18. Rxf2 Nxf2 19. Kxf2 Qb6+ 20. Kf1 Nf5 21. Qf3 0-0-0 22. Qf2 Ne3+ 23. Kg1 Rd7 24. b4 Nxg2 25. Qxb6 axb6 26. Kxg2 Rhd8 27. Ra2 Bd3 28. Kf2 b5 29. cxb5 Bxb5 30. Ne4 Bc4 31. Rb2 Kc7 32. a4 Ra8 33. a5 b6 34. axb6+ Kxb6 35. Nd6 Bb5 36. Bd4+ Kc7 37. Bc5 f6 38. Nf3 fxe5 39. Nxb5+ cxb5 40. Nxe5 Rd5 41. Nf3 e5 42. Rd2 Rxd2+ 43. Nxd2 Kc6 44. h4 Ra2 45. Ke2 g6 46. Be3 h5 1/2-1/2

[Event "Chigorin Memorial-B 15th"]
[Site "St Petersburg"]
[Date "2007.12.06"]
[Round "6"]
[White "Abramichev, Artyom"]
[Black "Daulyte Cornette, Deimante"]
[Result "1-0"]
[WhiteElo "2014"]
[BlackElo "2222"]
[PlyCount "57"]
[EventDate "2007.11.30"]
[EventType "swiss"]
[EventRounds "9"]
[EventCountry "RUS"]
[SourceTitle "CBM 121 Extra"]
[Source "ChessBase"]
[SourceDate "2008.01.10"]
[SourceVersion "1"]
[SourceVersionDate "2008.01.10"]
[SourceQuality "1"]

1. e4 c5 2. Nf3 d6 3. d4 cxd4 4. Qxd4 a6 5. Be3 Nf6 6. Nc3 Ng4 7. Bg5 h6 8. Bh4 Nc6 9. Qd2 g6 10. h3 Nge5 11. Nxe5 Nxe5 12. f4 Nc6 13. 0-0-0 Bg7 14. Nd5 0-0 15. g4 Be6 16. f5 Bxd5 17. Qxd5 Rc8 18. Rh2 Kh7 19. Rf2 Qb6 20. Qb3 Qa7 21. Rfd2 Nd4 22. Qd3 Qb6 23. f6 Nxc2 24. Rxc2 exf6 25. Kb1 f5 26. exf5 Be5 27. Bf2 Qb4 28. Bd4 Rxc2 29. Kxc2 1-0

[Event "Chigorin Memorial-B 15th"]
[Site "St Petersburg"]
[Date "2007.12.03"]
[Round "3"]
[White "Minina, Veronika"]
[Black "Abramichev, Artyom"]
[Result "1-0"]
[WhiteElo "2136"]
[BlackElo "2014"]
[PlyCount "79"]
[EventDate "2007.11.30"]
[EventType "swiss"]
[EventRounds "9"]
[EventCountry "RUS"]
[SourceTitle "CBM 121 Extra"]
[Source "ChessBase"]
[SourceDate "2008.01.10"]
[SourceVersion "1"]
[SourceVersionDate "2008.01.10"]
[SourceQuality "1"]

1. Nf3 d5 2. g3 c6 3. Bg2 g6 4. 0-0 Bg7 5. c4 e5 6. d3 Ne7 7. Nc3 0-0 8. Bg5 f6 9. Bc1 Be6 10. Qb3 Qd7 11. Bd2 dxc4 12. dxc4 b5 13. Rfd1 Bxc4 14. Qa3 Qb7 15. b3 b4 16. Qa4 Be6 17. Ne4 Na6 18. Be3 Nd5 19. Nd6 Qe7 20. Qxc6 Nxe3 21. fxe3 Nc7 22. Rac1 Nd5 23. Rxd5 Bxd5 24. Qxd5+ Kh8 25. Nd2 Rad8 26. N2c4 f5 27. Rd1 Bf6 28. Na5 Rd7 29. Nc6 Qg7 30. Qe6 e4 31. Bf1 Bc3 32. Ne8 Rxd1 33. Nxg7 Kxg7 34. Nd4 Bxd4 35. exd4 Kh6 36. e3 Ra1 37. Qe7 Rc8 38. Kf2 Rc2+ 39. Be2 Raxa2 40. Qf8+ 1-0

[Event "St Petersburg-ch U16"]
[Site "St Petersburg"]
[Date "2007.11.10"]
[Round "6.9"]
[White "Karataev, Oleg"]
[Black "Abramichev, Artyom"]
[Result "1-0"]
[WhiteElo "1914"]
[BlackElo "2014"]
[PlyCount "53"]
[EventDate "2007.11.05"]
[EventType "swiss"]
[EventRounds "9"]
[EventCountry "RUS"]
[SourceTitle "EXT 2022"]
[Source "ChessBase"]
[SourceDate "2021.10.06"]
[SourceVersion "1"]
[SourceVersionDate "2021.10.06"]
[SourceQuality "1"]

1. e4 c5 2. d3 e6 3. g3 Nc6 4. Bg2 g6 5. f4 Bg7 6. Nf3 Nge7 7. 0-0 d6 8. c3 0-0 9. Na3 f5 10. Be3 a6 11. Nc4 d5 12. Nce5 d4 13. cxd4 cxd4 14. Bf2 Qd6 15. Nxc6 Nxc6 16. e5 Qb4 17. Qe2 Rd8 18. Rfc1 Bf8 19. Rc4 Qb6 20. Rac1 Qa7 21. a3 Be7 22. b4 Bd7 23. Nxd4 Nxd4 24. Bxd4 Qb8 25. Bb6 Rc8 26. Rxc8+ Bxc8 27. Qc2 1-0

[Event "St Petersburg-ch U16"]
[Site "St Petersburg"]
[Date "2007.11.05"]
[Round "1.4"]
[White "Abramichev, Artyom"]
[Black "Sichinava, Zviad"]
[Result "1/2-1/2"]
[WhiteElo "2014"]
[BlackElo "2166"]
[PlyCount "86"]
[EventDate "2007.11.05"]
[EventType "swiss"]
[EventRounds "9"]
[EventCountry "RUS"]
[SourceTitle "EXT 2022"]
[Source "ChessBase"]
[SourceDate "2021.10.06"]
[SourceVersion "1"]
[SourceVersionDate "2021.10.06"]
[SourceQuality "1"]

1. e4 c5 2. Nf3 Nc6 3. d4 cxd4 4. Nxd4 g6 5. Nc3 Bg7 6. Be3 Nf6 7. f3 0-0 8. Bc4 Qb6 9. Qd2 Nxe4 10. Nxe4 Bxd4 11. Bxd4 Nxd4 12. 0-0-0 Nf5 13. Rhe1 Qc7 14. Bb3 d6 15. g4 Ng7 16. Qh6 Ne8 17. Rg1 e6 18. Rxd6 Qe7 19. Ng5 Nf6 20. Rd2 Rd8 21. Rxd8+ Qxd8 22. Nxf7 Kxf7 23. g5 Qd4 24. Rd1 Qf4+ 25. Kb1 Bd7 26. Qh3 Qxg5 27. Rxd7+ Nxd7 28. Qxe6+ Kg7 29. Qxd7+ Kh6 30. a3 b6 31. Qb7 Rf8 32. Qxa7 Qg1+ 33. Ka2 Qf2 34. Qc7 Rxf3 35. Bg8 Kg5 36. Bxh7 Rf8 37. Qg7 Qf6 38. h4+ Kxh4 39. Qh6+ Kg4 40. Qxg6+ Qxg6 41. Bxg6 Kf4 42. b4 Ke3 43. Kb3 Kd4 1/2-1/2